000 00929nam a22002297a 4500
001 44389
003 BD-RjUL
005 20211209053840.0
008 160717s1980 bg ||||| |||| 00| 0 ben d
020 _c: TK 12.00
035 _a(BD-RjUL)44507
040 _aBD-RjUL
_bben
_cBD-RjUL
041 _aben
082 _223
_a891.4409
_bTAU 1980
100 _aতালিব, মুহম্মদ আবূ
_9117962
245 1 0 _aউপেক্ষিত সাহিত্য-সাধক : সাতজন /
_cমুহম্মদ আবূ তালিব
260 _aঢাকা :
_bইসলামিক ফাউন্ডেশন,
_c১৯৮০
300 _a[১২], ১৪৮ পৃ. ;
_c২১ সেমি.
650 _aবাংলা সাহিত্য
_xইতিহাস ও সমালোচনা
_9136247
650 _aBengali Lirterature
_xHistory & Criticism
_9136248
942 _2ddc
_cBK
999 _c44389
_d44389